| 000 | 01126nam a2200301 i 4500 | ||
|---|---|---|---|
| 001 | bg | ||
| 003 | BPK | ||
| 005 | 20210512144206.0 | ||
| 008 | 010618s2001 pl f d |001 0 pol | ||
| 015 | _aPB 2001/13916 | ||
| 020 | _a8301133538 | ||
| 040 |
_aWa N _cBPK |
||
| 041 | 1 |
_apol _aeng _afre _ager _arus _aspa |
|
| 080 | _a556(038)=00 | ||
| 245 | 0 | 0 |
_aMiędzynarodowy słownik hydrologiczny = _bInternational glossary of hydrology / _cprzekład pod red. Artura Magnuszewskiego i Urszuli Soczyńskiej. |
| 246 | 3 | 1 | _aInternational glossary of hydrology. |
| 260 |
_aWarszawa : _bWydaw. Naukowe PWN, _c2001. |
||
| 300 |
_a250 s. ; _c24 cm. |
||
| 504 | _aBibliogr. - Indeksy. | ||
| 650 | 4 |
_aHydrologia _xterminologia. |
|
| 655 | 4 | _aSłowniki wielojęzyczne. | |
| 655 | 4 | _aSłownik terminologiczny | |
| 700 | 1 |
_aSoczyńska, Urszula _d(1933-2001). _eRed. |
|
| 710 | 2 |
_aWydawnictwo Naukowe PWN _4pbl. |
|
| 700 | 1 |
_aMagnuszewski, Artur _d(1957- ) _eRedakcja |
|
| 856 |
_uhttp://koha.tu.koszalin.pl/cgi-bin/koha/opac-detail.pl?biblionumber=40282 _yKatalog online BPK |
||
| 942 |
_2UKD _cKS |
||
| 999 |
_c40282 _d40282 |
||